Doctor Who Quotes #2 - Statistics

General Stats
  • This quiz has been taken 113 times
  • The average score is 12 of 14
Answer Stats
Hint Answer % Correct
Some people live more in twenty years than others do in eighty. It's not the time that matters. It's the person. Tenth
98%
All of time and space. Everywhere and anywhere. Every star that ever was. Where do you want to start? Eleventh
96%
I'll be a story in your head. But that's OK. We're all stories in the end. Just make it a good one, eh? Eleventh
94%
You are monsters! That is the role you seem determined to play, so it seems I must play mine: the man that stops the monsters. Twelfth
94%
The human race just keeps on going. Keeps on changing. Life will out. Ha! Tenth
93%
We're always in trouble! Isn't this extraordinary - it follows us everywhere! First
89%
There's no point in being grown-up if you can't be childish sometimes. Fourth
89%
You know what I am? I am an idiot. With a box and a screwdriver. Pasing through. Helping out. learning. Twelfth
89%
Friends, enemies - I'm not sure any of it matters. So long as there is mercy. Always mercy. Twelfth
88%
How can you miss me? I'm easy to find. I'm the guy with two hearts, remember? Eighth
87%
Courage isn't just a matter of not being frightened, you know. It's being afraid and doing what you have to do anyway. Third
87%
Life depends on change and renewal. Second
85%
Somwhere there's danger, somewhere there's injustice, and somewhere else the tea's getting cold. Seventh
84%
Great men are forged in fire. it is the privilege of lesser men to light the flame. Whatever the cost. The War Doctor
73%
No matching quizzes found
Score Distribution
Percent of People with Each Score
Percentile by Number Answered
Your Score History
You have not taken this quiz